Crimen y literatura: ensayo de una antología criminológico-literaria de Chile

Saved in:
Bibliografiske detaljer
Hovedforfatter: Zamorano, Manuel (Author)
Format: Bog
Sprog:spansk
Udgivet: Santiago Universidad de Chile 1967
Fag:
Tags: Tilføj Tag
Ingen Tags, Vær først til at tagge denne postø!

MARC

LEADER 00000nam a2200000 a 4500
001 UCS2773
003 CL-VaPUC
008 970606e19670000CL |||||||||||||||||spa|d
082 0 4 |a 364  |b ZAM  |2 21 
100 0 |a Zamorano, Manuel  |e author  |9 388575 
245 1 0 |a Crimen y literatura: ensayo de una antología criminológico-literaria de Chile 
300 |a 468 p 
942 |c BK 
945 |d 19970606 00:00:00  |a lriquelm 
260 |a Santiago  |b Universidad de Chile  |c 1967 
650 0 |a Ensayos  |9 268724 
650 7 |a LITERATURA POPULAR  |2 CL-VaPUC  |9 335521 
650 7 |a OBRAS DE SUSPENSO  |2 CL-VaPUC  |9 388576 
650 0 |a Crímenes   |9 225419 
650 0 |a Delincuencia  |9 335739 
650 0 |a Delitos  |9 224143 
651 7 |a CHILE  |2 CL-VaPUC  |9 388577 
583 |a last modification  |c 19970606 00:00:00  |k Rodrigo Vera 
999 |c 260707  |d 260705 
952 |0 0  |1 0  |4 0  |6 364_000000000000000_ZAM_1967  |7 0  |8 A  |9 286992  |a BIBDER  |b BIBDER  |d 2019-11-19  |i 1864386  |o 364 ZAM 1967  |p 1864386  |r 2023-01-25  |w 2019-11-19  |y BK  |k DER 
952 |0 0  |1 0  |4 0  |6 364_000000000000000_ZAM_1967  |7 0  |8 A  |9 286993  |a BIBEDU  |b BIBEDU  |d 2019-11-19  |i 1446959  |o 364 ZAM 1967  |p 1446959  |r 2019-11-19  |w 2019-11-19  |y BK  |k LIT 
952 |0 0  |1 0  |4 0  |6 364_000000000000000_ZAM_1967  |7 0  |8 A  |9 286994  |a BIBEDU  |b BIBEDU  |d 2019-11-19  |i 1337580  |l 3  |o 364 ZAM 1967  |p 1337580  |q 2025-06-06  |r 2025-05-06  |s 2025-05-06  |w 2019-11-19  |y BK  |k LIT